LEADER 01409nam a2200325 u 4500 001 000000047923 003 CaOOAMICUS 005 20070226114935.0 008 000313s1999 it u000 u ita u 020 $a8870943828 035 $a10843506 040 $aPUL$bita$dPUL(R) 100 1 $aMondin, Battista,$cS.X.,$d1926-2015.$0(OLS)http://pul/name/421 245 13$aIl problema di Dio :$bfilosofia della religione e teologia filosofica /$cBattista Mondin. 260 $aBologna :$bEd. Studio Domenicano,$c1999. 300 $a264 p. ;$c22 cm 490 1 $aManuale di filosofia sistematica ;$v4 500 $aContiene indici. 504 $aBibliografia in nota. 650 4$aTeologia filosofica.$0(OLS)http://pul/subject/7555 650 4$aDio (teologia).$0(OLS)http://pul/subject/11917 650 4$aFilosofia della religione.$0(OLS)http://pul/subject/120 830 0$aManuale di filosofia sistematica ;$v4.$0(OLS)http://pul/title/64517 850 $aPUL 852 $aPUL$W1$xSL Filosofia 1$y2$m84 L 111$j63954$nBK-PRI$b $qStampati$B63954$CPULBib$Z2$F63954 $H $81 941 1 $a8 961 $aINV: 81319 996 $6020$a8870943828$9(OLS)http://pul/number/60039 996 $6245$aIl problema di Dio :$bfilosofia della religione e teologia filosofica$9(OLS)http://pul/title/64516 996 $6260$aBologna :$bEd. Studio Domenicano$9(OLS)http://pul/publisher/52107 LEADER 01425nam a2200325 a 4500 001 000000168208 003 CaOOAMICUS 005 20180613113337.0 008 180613s2018 it u000 u ita r 020 $a978-88-382-4389-9* 032 $aLibriCat 040 $aPUL$bita 082 04$a341.73 100 1 $aDel Vecchio, Giorgio,$d1878-1970.$0(OLS)http://pul/name/4237 245 13$aIl diritto internazionale e il problema della pace /$cGiorgio Del Vecchio ; prefazione di Francesco D'Agostino. 260 $aRoma :$bStudium,$cİ2018. 300 $a129 p. ;$c18 cm. 490 1 $aUniversale Studium. Nuova serie ;$v89 650 4$aPace internazionale.$0(OLS)http://pul/subject/18832 650 4$aPace e disarmo.$0(OLS)http://pul/subject/18944 700 1 $aD'Agostino, Francesco,$d1946-$0(OLS)http://pul/name/10086 830 0$aUniversale Studium.$nNuova serie ;$v89.$0(OLS)http://pul/title/163896 850 $aPUL 852 $aPUL$W1$xSL Diritto e Scienze Sociali 3$y79$m341. 73 DELGI 1$j191759$qDDC 21$B196090$CPULBib$Z2$F196090 $H131015 $81 941 1 $a9 996 $6020$a978-88-382-4389-9*$9(OLS)http://pul/number/164320 996 $6082$a341.73$9(OLS)http://pul/classification/3125 996 $6245$aIl diritto internazionale e il problema della pace$9(OLS)http://pul/title/11516 996 $6260$aRoma :$bStudium$9(OLS)http://pul/publisher/47892